|
|
|
|
| LEADER |
00000 a2200000 4500 |
| 001 |
RU/ROS-EDU.RU/146561 |
| 856 |
4 |
|
|u https://www.ros-edu.ru/book?id=146561
|z Перейти к просмотру издания
|
| 010 |
|
|
|a 978-5-9590-1199-4
|
| 100 |
|
|
|a 20210101d2021 |||y0rusy0250
|
| 105 |
|
|
|a y z 000zy
|
| 101 |
0 |
|
|a rus
|
| 102 |
|
|
|a RU
|
| 200 |
1 |
|
|a Русский язык как иностранный: развитие устной и письменной речи
|b Электронный ресурс
|e Учебное пособие
|f И. В. Кондарина, О. Н. Топтыгина, Е. А. Федорченко
|g ред. Е. А. Федорченко
|
| 700 |
|
1 |
|b И. В.
|a Кондарина
|4 070
|
| 701 |
|
1 |
|b О. Н.
|a Топтыгина
|4 070
|
| 701 |
|
1 |
|b Е. А.
|a Федорченко
|4 070
|
| 702 |
|
1 |
|b Е. А.
|a Федорченко
|4 340
|
| 330 |
|
|
|a В учебном пособии представлены материалы, использование которых направлено на формирование и корректировку коммуникативных навыков обучающихся в основных социальных сферах общения: образование, научная деятельность, городская среда и др. Пособие дополняет соответствующие разделы учебных изданий по дисциплине «Русский язык как иностранный», а также может быть использовано студентами-иностранцами при изучении дисциплины «Русский язык и культура речи» по образовательным программам различных гуманитарных специальностей и направлений подготовки. Адресовано студентам-иностранцам, получающим высшее образование на русском языке в вузах Российской Федерации.
|
| 210 |
|
|
|a Москва
|c Российская таможенная академия
|d 2021
|
| 610 |
1 |
|
|a русский язык
|
| 610 |
1 |
|
|a письменная речь
|
| 610 |
1 |
|
|a научная деятельность
|
| 610 |
1 |
|
|a профессия
|
| 675 |
|
|
|a 811.161
|
| 686 |
|
|
|a 81.2
|2 rubbk
|
| 300 |
|
|
|a Книга находится в премиум-версии платформы «Русский как иностранный».
|
| 215 |
|
|
|a 134 с.
|